[Event "JUG-chT"]
[Site "Cetinje"]
[Date "1993.??.??"]
[Round "?"]
[White "Raicevic, Momcilo"]
[Black "Micic, Cedomir"]
[Result "0-1"]
[WhiteElo "2365"]
[BlackElo "2315"]

1.c4 e5 2.g3 Nf6 3.Bg2 d5 4.cxd5 Nxd5 5.Nc3 Nb6 6.Nh3 Be7 7.O-O O-O 8.f4 Nc6
9.fxe5 Nxe5 10.Nf4 c6 11.b3 f5 12.Bb2 Ng6 13.Nh5 Be6 14.Qc2 Qd7 15.Nd1 Rf7
16.e4 Bf8 17.Ne3 fxe4 18.Rxf7 Bxf7 19.Bxe4 Qh3 20.Bf3 Ne5 21.Bxe5 Bxh5 22.Be4 Bf7
23.Rf1 Be6 24.Rf4 Be7 25.Nf5 Bg5 26.Nh4 Bxf4 27.Bxh7+ Kh8 28.Bxf4 Nd7 29.Be4 Kg8
30.Bg2 Qg4 31.Bf3 Qh3 32.Qg6 Bf7 33.Qg5 Re8 34.Be3 Ne5 35.Be2 Bd5 36.Bd4 Qe6
37.Bh5 Ng6 38.Nf3 Be4 39.Nh4 Rf8 40.Be2 Qe7 41.Bc4+ Bd5 42.Bxd5+ cxd5 43.Qxd5+ Rf7
44.Bf2 Nxh4 45.gxh4 Qe2 46.Qd4 a6 47.a4 Qd1+ 48.Kg2 Qf3+ 49.Kg1 Qxb3 50.a5 Qd1+
51.Kg2 Qf3+ 52.Kg1 Rf4 53.Qc5 Rg4+ 54.Bg3 Qd1+ 55.Kg2 Qxd2+ 56.Kf3 Qd1+ 57.Kf2 Qd7
58.h5 Qf7+ 59.Kg2 Rc4 60.Qe5 Rc2+ 61.Kh3 Qd7+ 62.Kh4 Rc4+ 63.Bf4 Qc6 64.h6 Qxh6+
65.Kg3 Qg6+ 66.Kf3 Qc6+ 67.Kg3 Rc5 68.Qe7 Rc3+ 69.Kh4 Rc4 70.Kg4 Qg6+ 71.Kf3 Rc3+
72.Be3 Qf5+ 73.Ke2 Rc2+ 74.Ke1 Rxh2  0-1

[Event "JUG-chT"]
[Site "Cetinje"]
[Date "1993.??.??"]
[Round "?"]
[White "Drasko, Milan"]
[Black "Djukic, Zeljko"]
[Result "1-0"]
[WhiteElo "2520"]
[BlackElo "2370"]

1.c4 e5 2.g3 c6 3.d4 exd4 4.Qxd4 d5 5.Bg2 Nf6 6.Nf3 Be7 7.cxd5 cxd5 8.O-O O-O
9.Be3 Nc6 10.Qa4 Ng4 11.Bd4 Nxd4 12.Nxd4 Bc5 13.Nc3 Bd7 14.Qd1 Qb6 15.Nxd5 Qh6
16.Nf3 Bb5 17.Qc2 Rac8 18.Qf5 Qe6 19.Qxe6 fxe6 20.Nc3 Bc6 21.Rac1 Rf6 22.h3 Nh6
23.Ng5 Bb6 24.Bxc6 Rxc6 25.Nce4 Rf5 26.Rxc6 bxc6 27.e3 Ra5 28.a3 Nf5 29.Rc1 h6
30.Nxe6 Nxe3 31.Rxc6 Nd1 32.Rd6 Nxb2 33.Rd7  1-0

[Event "JUG-chT"]
[Site "Cetinje"]
[Date "1993.??.??"]
[Round "?"]
[White "Damljanovic, Branko"]
[Black "Kupreichik, Viktor D"]
[Result "1-0"]
[WhiteElo "2570"]
[BlackElo "2535"]

1.g3 e5 2.c4 d6 3.Bg2 f5 4.Nc3 Nf6 5.e3 c6 6.Nge2 Be6 7.d3 Be7 8.O-O O-O
9.f4 a5 10.b3 Na6 11.Qd2 Nc7 12.Bb2 exf4 13.Nxf4 Bf7 14.Bh3 Bg6 15.Rae1 d5
16.cxd5 Nfxd5 17.Ncxd5 Nxd5 18.Ne6 Bb4 19.Qc1 Qd7 20.Nxf8 Rxf8 21.a4 Bxe1
22.Rxe1 Re8 23.e4 Nf6 24.Qc4+ Bf7 25.Qc3 fxe4 26.dxe4 Qc7 27.e5 Qb6+ 28.Qe3 Qxb3
29.Qxb3 Bxb3 30.Bc3 Nd5 31.Bxa5 b6 32.Bd2 c5 33.Bg2 Nc7 34.Rb1 c4 35.Re1 h6
36.Bb4 Rd8 37.e6 Nxe6 38.Rxe6 c3 39.Rd6 Rxd6 40.Bxd6 g5 41.Bb4 c2 42.Bd2 Kf7
43.Kf2 Kf6  1-0

[Event "Chisinau op"]
[Site "Chisinau"]
[Date "1993.??.??"]
[Round "?"]
[White "Volkov, Nikolai"]
[Black "Chernov, Vadim"]
[Result "0-1"]
[WhiteElo "2310"]
[BlackElo "2395"]

1.c4 e5 2.g3 d5 3.cxd5 Qxd5 4.Nf3 Bb4 5.Nc3 Bxc3 6.bxc3 e4 7.Nd4 Nf6 8.Bg2 O-O
9.O-O Qh5 10.Re1 Re8 11.Rb1 b6 12.d3 Bh3 13.Bh1 Na6 14.Qc2 exd3 15.Qxd3 Nc5
16.Qc2 Rad8 17.f3 Bc8 18.e4 Ba6 19.Rd1 Nfd7 20.Nc6 Ra8 21.Bf4 Qg6 22.Nb4 Bb5
23.Nd5 Ba4 24.Qd2 Bxd1 25.Rxd1 Ne6 26.Nxc7 Nxc7 27.Bxc7 Nc5 28.e5 Rac8 29.Bd6 Na4
30.Rc1 Rc4 31.f4 Rec8 32.Bb7 Nxc3 33.Rf1 Ne4 34.Qg2 Nxd6 35.exd6  0-1

[Event "Clichy"]
[Site "Clichy"]
[Date "1993.??.??"]
[Round "5"]
[White "Vandevoort, Pascal"]
[Black "Grimberg, Gilbert"]
[Result "1-0"]
[WhiteElo "2310"]
[BlackElo "2315"]

1.c4 e5 2.g3 d6 3.Bg2 Be7 4.Nc3 c6 5.Nf3 f5 6.d3 Nf6 7.c5 O-O 8.cxd6 Qxd6
9.O-O Nbd7 10.a3 a5 11.d4 e4 12.Bf4 Qe6 13.Ng5 Qc4 14.Rc1 Nb6 15.Ncxe4 Qa4
16.Nc5 Qxd1 17.Rfxd1 Nfd5 18.Bd2 Re8 19.Nf3 Bf6 20.e3 a4 21.Ne1 h5 22.Ned3 h4
23.Re1 hxg3 24.hxg3 Kf7 25.Nb4 Rd8 26.Nxd5 cxd5 27.Bb4 g5 28.Nd3 Be6 29.Rc7+ Rd7
30.Rec1 Ke8 31.Rxd7 Nxd7 32.Rc7 b6 33.Rc6 Kf7 34.Rd6 Rc8 35.Bxd5 Bxd5 36.Rxd7+  1-0

[Event "CUB-ch"]
[Site "?"]
[Date "1993.??.??"]
[Round "7"]
[White "Nogueiras, Jesus"]
[Black "Gonzalez, JC."]
[Result "1-0"]
[WhiteElo "2580"]
[BlackElo "2465"]

1.c4 e5 2.g3 Nf6 3.Bg2 Nc6 4.Nc3 Bc5 5.d3 h6 6.Nf3 O-O 7.Nxe5 Nxe5 8.d4 Qe7
9.dxc5 Qxc5 10.b3 Neg4 11.e3 Re8 12.O-O d6 13.h3 Ne5 14.Bb2 Bd7 15.Rc1 Qb6
16.Qc2 a5 17.Rfd1 Rac8 18.a4 Qa6 19.e4 Qb6 20.Nb5 Bc6 21.Bd4 Qa6 22.Re1 b6
23.Re3 Qa8 24.Rce1 Nfd7 25.Bb2 Bb7 26.Nd4 f6 27.Nf5 Ng6 28.Qd1 Kh7 29.h4 Ndf8
30.Qh5 Ne6 31.Bxf6 Rg8 32.Bxg7  1-0

[Event "CZE Tschechien-ch"]
[Site "?"]
[Date "1993.??.??"]
[Round "1"]
[White "Hrubes, Pavel"]
[Black "Kacirek, Petr"]
[Result "0-1"]
[WhiteElo "2005"]
[BlackElo "2190"]

1.c4 e5 2.g3 Nf6 3.Nc3 d5 4.cxd5 Nxd5 5.Bg2 Nb6 6.Nf3 Nc6 7.O-O Be7 8.d4 exd4
9.Nb5 Bf6 10.Bf4 Nd5 11.e4 Nxf4 12.gxf4 a6 13.Qa4 Bd7 14.Na3 O-O 15.Rad1 d3
16.Rxd3 Ne5 17.Nxe5 Bxa4 18.Rxd8 Rfxd8 19.Nec4 Be7 20.e5 Bxa3 21.Nxa3 c6
22.Re1 Rd1 23.Rxd1 Bxd1 24.Nc4 Bg4 25.Nd6 Rb8 26.b4 Be6 27.a4 Bd5 28.Bh3 b6
29.Bc8 a5 30.bxa5 bxa5 31.Bb7 Kf8 32.Kf1 g6 33.Ke2 Ke7 34.f5 gxf5 35.Nxf5+ Ke6
36.Nd4+ Kd7 37.Ba6 Rb4 38.Ke3 Bc4 39.Bxc4 Rxc4 40.f4 Rxa4 41.f5 Ra2  0-1

[Event "CZE Tschechien-ch"]
[Site "?"]
[Date "1993.??.??"]
[Round "9"]
[White "Kural, Jaroslav"]
[Black "Rajnys, Vladimir"]
[Result "0-1"]
[WhiteElo "2030"]
[BlackElo "1985"]

1.c4 e5 2.g3 g6 3.Nc3 Bg7 4.Bg2 Nc6 5.e4 d6 6.Nge2 Be6 7.d3 Qd7 8.h4 h6 9.Bd2 Nge7
10.Qc1 Nd8 11.b4 f6 12.Rb1 Nf7 13.Nd5 c6 14.Nxe7 Qxe7 15.Nc3 O-O 16.Bh3 Bxh3
17.Rxh3 Qd7 18.Rh1 Kh7 19.h5 g5 20.Qd1 f5 21.exf5 Qxf5 22.Qe2 Kg8 23.Qe4 Qd7
24.Kf1 Rad8 25.Kg2 d5 26.cxd5 cxd5 27.Qf3 d4 28.Ne4 Nd6 29.Qe2 Nxe4 30.dxe4 Qf7
31.Rhc1 Kh7 32.a4 Rd7 33.Be1 d3 34.Qe3 Qxh5 35.Rd1 g4 36.Rxd3 Qh3+ 37.Kg1 Rdf7
38.Qxa7 h5 39.Rbb3 Rf3 40.Qxb7 h4 41.Qd7 hxg3 42.Rxf3 Qh2+  0-1

[Event "Debrecen-C"]
[Site "Debrecen"]
[Date "1993.??.??"]
[Round "6"]
[White "Mate, Laszlo"]
[Black "Gal, Jozsef"]
[Result "0-1"]
[WhiteElo "2285"]
[BlackElo "2285"]

1.c4 e5 2.g3 Nf6 3.Bg2 g6 4.Nc3 Bg7 5.Nf3 d6 6.O-O O-O 7.d3 Nbd7 8.Rb1 a5
9.a3 Nc5 10.b4 axb4 11.axb4 Ne6 12.Ng5 Nd4 13.e3 Nc6 14.b5 Ne7 15.Qc2 Nd7
16.f4 exf4 17.gxf4 Nf5 18.Bd2 Nf6 19.Nf3 Ng4 20.Rbe1 Re8 21.Ne4 Nh4 22.Bh1 Nxf3+
23.Bxf3 Qh4 24.Re2 Nf6 25.Nxf6+ Qxf6 26.Rc1 h6 27.Bc3 Qxc3 28.Qxc3 Bxc3 29.Rxc3 Ra1+
30.Kf2 b6 31.Bc6 Re7 32.Rcc2 g5 33.Ra2 Rxa2 34.Rxa2 Kg7 35.Kf3 gxf4 36.Kxf4 Bh3
37.Be4 Re6 38.Ra7 Re7 39.Ra1 Be6 40.Rg1+ Kh8 41.Bc6 Bh3 42.Bd5 Kh7 43.e4 Bd7
44.d4 Kh8 45.Rg3 Bc8 46.Ke3 Be6 47.Kf4 Bc8 48.e5 dxe5+ 49.dxe5 Bd7 50.Ra3 Kg7
51.Ra7 Be6 52.Ke4 Kf8 53.h4 Bh3 54.Kd4 c5+  0-1

[Event "Dhaka"]
[Site "Dhaka"]
[Date "1993.??.??"]
[Round "?"]
[White "Rahman, Ziaur"]
[Black "Hodgson, Julian M"]
[Result "1/2-1/2"]
[WhiteElo "2430"]
[BlackElo "2245"]

1.c4 e5 2.g3 Nf6 3.Bg2 d5 4.cxd5 Nxd5 5.Nc3 Nb6 6.Nf3 Nc6 7.O-O Be7 8.d3 O-O
9.Be3 Re8 10.Qc1 Bf8 11.Ne4 Nd4 12.Re1 c6 13.Nc5 a5 14.Bxd4 exd4 15.e3 dxe3
16.fxe3 Nd5 17.a3 g6 18.e4 Nc7 19.d4 Nb5 20.Qc4 b6 21.Nb3 a4 22.Nbd2 Be6
23.d5 Bd7 24.dxc6 Bc5+ 25.Kh1 Bxc6 26.e5 Nd4 27.Rad1 Nxf3 28.Nxf3 Qe7 29.Qf4 Qb7
30.Rd2 Rad8 31.Red1 Rxd2 32.Rxd2 Bf8 33.h4 Bh6 34.Qxh6 Bxf3 35.Qf4 Bxg2+
36.Rxg2 b5 37.Kh2 Qd5 38.Re2 h5 39.Qe4 Qxe4 40.Rxe4 f5 41.Re3 Kf7 42.Kg2 Ke6
43.Kf3 Rd8 44.b3 Rd4 45.bxa4 bxa4 46.Re1 Rd2 47.Re3 Rd4 48.Re1 Rg4 49.Re2 g5
50.hxg5 Rxg5 51.Rb2 Rg4 52.Rb5 h4 53.gxh4 Rxh4  1/2-1/2

[Event "Dhaka"]
[Site "Dhaka"]
[Date "1993.??.??"]
[Round "?"]
[White "King, Daniel J"]
[Black "Barua, Dibyendu"]
[Result "1-0"]
[WhiteElo "2500"]
[BlackElo "2530"]

1.c4 e5 2.g3 Nc6 3.Bg2 g6 4.Nc3 Bg7 5.e3 d6 6.Nge2 h5 7.d4 h4 8.d5 Nb8 9.e4 a5
10.Be3 Bh6 11.Qd2 Na6 12.h3 Nc5 13.O-O-O Bd7 14.Bxh6 Nxh6 15.f4 f6 16.g4 Qe7
17.f5 g5 18.Bf1 O-O 19.Kb1 Nf7 20.Nc1 a4 21.Nd3 Na6 22.Ne1 Rfb8 23.Nc2 Qd8
24.b3 axb3 25.axb3 c6 26.Kb2 Qb6 27.Qe3 c5 28.Be2 Nd8 29.Ra1 Nb4 30.Nxb4 Qxb4
31.Ra2 Rxa2+ 32.Nxa2 Qb6 33.Ra1 Ra8 34.Qc1 Qa5 35.Nc3 Qxa1+ 36.Qxa1 Rxa1
37.Kxa1 b6 38.Kb2 Nb7 39.Ka3 Na5 40.Na4  1-0

[Event "Dhaka"]
[Site "Dhaka"]
[Date "1993.??.??"]
[Round "?"]
[White "Koshy, Varugeese"]
[Black "Lodhi, Mahmood"]
[Result "0-1"]
[WhiteElo "2420"]
[BlackElo "2430"]

1.g3 e5 2.c4 Nf6 3.Bg2 d5 4.cxd5 Nxd5 5.Nc3 Nb6 6.Nf3 Nc6 7.a3 Be7 8.O-O O-O
9.b4 Be6 10.d3 f6 11.Ne4 Nd5 12.Bb2 a5 13.Nc5 Bxc5 14.bxc5 b5 15.cxb6 cxb6
16.Rc1 Rc8 17.Qa4 Qd7 18.Qb5 Nb8 19.Qxd7 Nxd7 20.e4 Ne7 21.d4 Ng6 22.Nd2 exd4
23.f4 Ne7 24.Bxd4 Rfd8 25.Kf2 Nc6 26.Be3 Nc5 27.Rc3 Nd4 28.Rb1 Na4 29.Rxc8 Bxc8
30.Bf1 Be6 31.Bc4 Kf7 32.Bxe6+ Kxe6 33.Nc4 b5 34.Nxa5 Nc3 35.Rb4 Nd1+ 36.Ke1 Nxe3  0-1

[Event "Dortmund op-A"]
[Site "Dortmund"]
[Date "1993.??.??"]
[Round "1"]
[White "Matthaei, Alexander"]
[Black "Khenkin, Igor"]
[Result "0-1"]
[WhiteElo "2270"]
[BlackElo "2575"]

1.c4 e5 2.g3 c6 3.Bg2 d5 4.cxd5 cxd5 5.d3 Nc6 6.Nf3 Nf6 7.O-O h6 8.a3 Bd6
9.b4 a6 10.Bb2 O-O 11.Nc3 Re8 12.Nd2 Bf8 13.Rc1 a5 14.b5 Nd4 15.e3 Nf5 16.e4 dxe4
17.dxe4 Nd4 18.Nb3 Bg4 19.f3 Nxb3 20.Qxb3 Be6 21.Qa4 Nd7 22.Qc2 Rc8 23.Rfd1 Bc5+
24.Kh1 Be3 25.Rb1 Bd4 26.Qd2 Nb6 27.Bf1 Qf6 28.Kg2 Bb3 29.Rdc1 Red8 30.Qe1 a4
31.Ne2 Bxb2 32.Rxc8 Rxc8 33.Rxb2 Nc4 34.Qc3 Qb6 35.Kh1 Qf2 36.Rb1 Rd8 37.Qe1 Qxf3+
38.Bg2 Qe3 39.Nc3 Qxe1+ 40.Rxe1 Nxa3 41.Nd5 Nc2 42.Rb1 Bxd5 43.exd5 a3  0-1

[Event "Dortmund op-A"]
[Site "Dortmund"]
[Date "1993.??.??"]
[Round "5"]
[White "Troyke, Christian"]
[Black "Mikhalchishin, Adrian"]
[Result "0-1"]
[WhiteElo "2340"]
[BlackElo "2520"]

1.g3 e5 2.c4 Nf6 3.Bg2 d5 4.cxd5 Nxd5 5.Nc3 Nb6 6.Nf3 Nc6 7.O-O Be7 8.d3 O-O
9.a3 a5 10.Be3 Be6 11.Rc1 f5 12.Na4 Bd5 13.Bc5 Nd7 14.Nd2 Bxg2 15.Kxg2 Kh8
16.Nb3 Nxc5 17.Nbxc5 b5 18.f3 bxa4 19.Ne6 Qd6 20.Nxf8 Bxf8 21.Qxa4 Nd4 22.e3 Ne6
23.Rc6 Qd7 24.Qc4 Bd6 25.Rc1 h6 26.Rc2 f4 27.d4 exd4 28.exd4 fxg3 29.hxg3 Ng5
30.g4 Rf8 31.Rc3 Nxf3 32.Rxd6 Qxg4+  0-1

[Event "Dortmund op-A"]
[Site "Dortmund"]
[Date "1993.??.??"]
[Round "5"]
[White "Mandl, Robert"]
[Black "Mainka, Romuald"]
[Result "1-0"]
[WhiteElo "2390"]
[BlackElo "2515"]

1.c4 e5 2.g3 Nf6 3.Bg2 d5 4.cxd5 Nxd5 5.Nc3 Nb6 6.Nf3 Nc6 7.O-O Be7 8.d3 O-O
9.Be3 Bg4 10.Qc1 f5 11.Rd1 Bf6 12.Na4 Nxa4 13.Qc4+ Kh8 14.Qxa4 Nd4 15.Bxd4 exd4
16.Rac1 c6 17.b4 Qd7 18.Rc5 a6 19.Qc2 Rae8 20.a4 f4 21.Rb1 fxg3 22.hxg3 Re7
23.b5 axb5 24.axb5 Qe8 25.Kf1 Bd7 26.bxc6 Bxc6 27.Ng1 Bxg2+ 28.Kxg2 Qa8 29.Rc7 b5+
30.Nf3 Rxc7 31.Qxc7 Rb8 32.Rb4 h6 33.Kh2 Rc8 34.Qd6 Re8 35.Rxb5 Qa2 36.Ng1 Kh7
37.Qd5 Qa1 38.Qf5+ Kh8 39.Kg2 Qa8+ 40.Qf3 Qa2 41.Rf5 Qa4 42.Nh3 Qd7 43.Qh5 Qc6+
44.Kh2 Rb8 45.Nf4 Rb1 46.Nd5 Be7 47.Qf3 Bd6 48.Rf7 Qe8 49.Qf5 Rb5 50.Qg6 Be5
51.Nc7 Rb6 52.Qxg7+ Bxg7 53.Nxe8 Be5 54.Re7 Bb8 55.Ng7 Bd6 56.Rd7 Be5 57.Nh5 Rb2
58.f4 Bb8 59.Nf6  1-0

[Event "Dortmund op-A"]
[Site "Dortmund"]
[Date "1993.??.??"]
[Round "7"]
[White "Sher, Miron N"]
[Black "Podgaets, Mikhail"]
[Result "1/2-1/2"]
[WhiteElo "2500"]
[BlackElo "2450"]

1.c4 e5 2.g3 Nc6 3.Bg2 f5 4.Nc3 Nf6 5.d3 Bb4 6.Bd2 O-O 7.Nf3 d6 8.O-O a6
9.Rc1 f4 10.gxf4 Bxc3 11.Rxc3 Bg4 12.fxe5 dxe5 13.Ng5 h6 14.Ne4 Qc8 15.Nxf6+ Rxf6
16.f3 Bh3 17.Rf2 Rg6 18.Qf1 Nd4 19.Rc1 Nf5 20.Kh1 Rxg2 21.Rxg2 Nh4 22.Rxg7+ Kxg7
23.Qf2 Bg2+ 24.Kg1 Qh3 25.Be1 Bxf3 26.Qg3+ Qxg3+ 27.Bxg3 Bxe2 28.Bxh4 Bxd3
29.Bg3 Re8 30.Kf2 c5 31.Ke3 e4 32.Bd6 Rc8 33.b3 Rc6 34.Rg1+ Kf6 35.Bf8 Kf7
36.Bg7 b5 37.a4 bxc4 38.bxc4 Re6 39.Bc3 Bxc4 40.Rg7+ Ke8 41.Rc7 Bb3 42.Rxc5 Bxa4
43.Be5 Bc6 44.Bf4 Kf7 45.Rh5 Kg7 46.Rc5  1/2-1/2

[Event "Dortmund op-A"]
[Site "Dortmund"]
[Date "1993.??.??"]
[Round "9"]
[White "Troyke, Christian"]
[Black "Maljutin, Evgeni"]
[Result "0-1"]
[WhiteElo "2340"]
[BlackElo "2505"]

1.g3 e5 2.c4 c6 3.Bg2 d5 4.cxd5 cxd5 5.d3 Bb4+ 6.Bd2 Bxd2+ 7.Qxd2 Nc6 8.Nf3 Bg4
9.O-O Nf6 10.Nc3 O-O 11.Rac1 Re8 12.Ne1 Qa5 13.h3 Be6 14.b3 Rac8 15.Qb2 Nd4
16.Kh2 h5 17.Nf3 Nxf3+ 18.Bxf3 h4 19.Bg2 hxg3+ 20.fxg3 d4 21.Ne4 Nd5 22.Nd6 Rxc1
23.Rxc1 Rb8 24.Nc4 Qc7 25.e3 Rc8 26.Bxd5 Bxd5 27.Rc2 dxe3 28.Nxe3 Bc6 29.d4 exd4
30.Qxd4 Rd8 31.Qxa7 Qe5 32.Ng2 Rd1 33.Qf2 Qa1 34.g4 Rh1+ 35.Kg3 Rg1 36.Rxc6 bxc6
37.Qe3 Qf1 38.Qe4 g5 39.Kh2 Rh1+ 40.Kg3 Qf6 41.Ne3 Rg1+ 42.Kh2 Re1 43.Qe8+ Kh7
44.Qe4+ Qg6 45.Qd4 Re2+ 46.Kg3 Qb1 47.Kf3 Rxa2  0-1

[Event "Eger op"]
[Site "Eger"]
[Date "1993.??.??"]
[Round "4"]
[White "Kaposztas, Miklos"]
[Black "Eismont, Oleg"]
[Result "0-1"]
[WhiteElo "2265"]
[BlackElo "2440"]

1.c4 e5 2.g3 Nc6 3.Bg2 f5 4.Nc3 Nf6 5.e3 d5 6.Nxd5 Nxd5 7.cxd5 Nb4 8.d3 Nxd5
9.a3 c6 10.Ne2 Be7 11.O-O O-O 12.Qb3 Kh8 13.d4 e4 14.Nc3 Nb6 15.Bd2 Qd6 16.Na4 Be6
17.Qc2 Nxa4 18.Qxa4 Bd5 19.Bb4 Qe6 20.Bxe7 Qxe7 21.Qb4 Qd7 22.Rfc1 g5 23.Bh3 Rf6
24.Qe1 h5 25.b4 h4 26.a4 Qh7 27.Bg2 f4 28.b5 hxg3 29.fxg3 f3 30.Qf2 Qf7 31.Bh3 Kg7
32.bxc6 bxc6 33.Rab1 Rh8 34.Bg4 Rfh6 35.Rb2 Rxh2 36.Qxh2 Rxh2 37.Rxh2 Qc7
38.Kf2 Qb8 39.Rc2 Qb1 40.Rd2 Qc1  0-1

[Event "Espoo op"]
[Site "Espoo"]
[Date "1993.??.??"]
[Round "8"]
[White "Valkesalmi, Kimmo"]
[Black "Zapolskis, Antanas"]
[Result "1-0"]
[WhiteElo "2355"]
[BlackElo "2335"]

1.g3 e5 2.c4 Nc6 3.Bg2 f5 4.d3 Nf6 5.Nc3 g6 6.Rb1 a5 7.a3 Bg7 8.b4 axb4 9.axb4 O-O
10.b5 Nd4 11.Nf3 Ne6 12.O-O d6 13.Nd2 g5 14.Nb3 Kh8 15.Bd2 Qe8 16.Nd5 f4
17.e3 Ra2 18.Nc3 Ra8 19.Nd5 Qf7 20.Bc3 Ra3 21.Bb4 Ra4 22.Na5 Rxb4 23.Rxb4 Nc5
24.d4 Ne6 25.Nb3 g4 26.exf4 exf4 27.Nxf6 Qxf6 28.f3 gxf3 29.Rxf3 Qg5 30.d5 Nd8
31.Qd2 Qe7 32.Rxf4 Rxf4 33.gxf4 Qf6 34.c5 dxc5 35.Re4 h6 36.Re8+ Bf8 37.Nxc5 Bf5
38.Ne6 Nxe6 39.dxe6 Bg6 40.Rxf8+ Qxf8 41.Qd4+ Kg8 42.Bxb7 Qe7 43.Qe5 Bd3
44.Bc6 Bc4 45.Bd7 Qa3 46.e7 Qc1+ 47.Kf2 Qf1+ 48.Kg3 Qg1+ 49.Kf3 Qd1+ 50.Kg3 Qg1+
51.Kh4 Qxh2+ 52.Bh3 Qf2+ 53.Kg4 Qe2+ 54.Kf5 Qxe5+ 55.Kxe5 Kf7 56.Be6+ Bxe6
57.e8=Q+ Kxe8 58.Kxe6 h5 59.Kf5 Kf7 60.Kg5 Ke6 61.f5+ Ke5 62.f6  1-0

[Event "Eupen op"]
[Site "Eupen"]
[Date "1993.??.??"]
[Round "3"]
[White "Tonoli, Walter"]
[Black "Bagirov, Vladimir"]
[Result "0-1"]
[WhiteElo "2290"]
[BlackElo "2530"]

1.c4 e5 2.g3 Nc6 3.Bg2 d6 4.Nc3 Be6 5.b4 Qd7 6.b5 Nd8 7.d3 g6 8.Nf3 h6 9.O-O Bg7
10.Rb1 Ne7 11.a4 O-O 12.a5 a6 13.b6 c6 14.Ba3 c5 15.Nd2 Ndc6 16.Nd5 Nxa5
17.Nxe7+ Qxe7 18.Qa4 Nc6 19.Bxc6 bxc6 20.b7 Rab8 21.Qxc6 Rfd8 22.Rb3 a5 23.Rfb1 f5
24.Qa6 e4 25.Qxa5 Bd7 26.dxe4 Bc6 27.exf5 gxf5 28.Qa6 Be8 29.Re3 Qc7 30.Reb3 Rd7
31.Qb6 Kf7 32.e4 Re7 33.Qxc7 Rxc7 34.exf5 Bc6 35.Rb6 Rbxb7 36.Rxb7 Rxb7 37.Rxb7+ Bxb7
38.f3 Ba6 39.Kg2 Ke7 40.g4 Be5 41.h4 Bf4 42.Ne4 Bxc4 43.Bxc5 dxc5 44.Nxc5  0-1

[Event "Farum op"]
[Site "Farum"]
[Date "1993.??.??"]
[Round "8"]
[White "Sher, Miron N"]
[Black "Baburin, Alexander"]
[Result "1-0"]
[WhiteElo "2535"]
[BlackElo "2530"]

1.c4 e5 2.g3 Nf6 3.Bg2 d5 4.cxd5 Nxd5 5.Nf3 Nc6 6.O-O Nb6 7.Nc3 Be7 8.a3 O-O
9.b4 Re8 10.d3 Bf8 11.Rb1 a5 12.b5 Nd4 13.Nd2 a4 14.e3 Ne6 15.Nf3 Nc5 16.d4 exd4
17.Nxd4 g6 18.Qc2 Bg7 19.Nce2 Ne6 20.Bb2 Nxd4 21.Nxd4 Qe7 22.Rfe1 Rb8 23.Rbc1 Be5
24.Qc3 f6 25.f4 Bd6 26.e4 Qf7 27.e5 fxe5 28.fxe5 Bf8 29.e6 Qg7 30.Qd2 Qh6
31.Qxh6 Bxh6 32.Rxc7 Bd7 33.Re2 Bg7 34.Rcc2 Bxd4+ 35.Bxd4 Bxb5 36.Bxb6 Bxe2
37.Rxe2 Rbc8 38.Bxb7 Rc1+ 39.Kg2 Rb1 40.Bc6  1-0

[Event "FIN-chT"]
[Site "FIN"]
[Date "1993.??.??"]
[Round "?"]
[White "Hentunen, Asko"]
[Black "Kanko, Ilkka"]
[Result "0-1"]
[WhiteElo "2305"]
[BlackElo "2330"]

1.c4 e5 2.g3 Nc6 3.Bg2 d6 4.Nc3 Be6 5.d3 Qd7 6.b4 g6 7.b5 Nd8 8.a4 Bg7 9.Qc2 c6
10.Ba3 d5 11.bxc6 bxc6 12.cxd5 cxd5 13.Nb5 Nc6 14.Rc1 Nd4 15.Nxd4 exd4 16.Nf3 Ne7
17.O-O Rc8 18.Qb3 O-O 19.Bc5 Bg4 20.h3 Bxf3 21.Bxf3 Rfe8 22.Kg2 Nf5 23.Rc2 Rc7
24.Ba3 Rc3 25.Qa2 Qxa4 26.Rxc3 dxc3 27.Bxd5 Rb8 28.Bxf7+ Kh8 29.Rc1 Qc6+
30.Bd5 Qc7 31.Qc4 Qa5 32.Qa2 Bd4 33.e3 Bxe3 34.fxe3 Nxe3+ 35.Kf2 Nxd5 36.Rc2 Qb6+
37.Kg2 Ne3+ 38.Kh2 Nxc2  0-1

[Event "FRA"]
[Site "FRA"]
[Date "1993.??.??"]
[Round "?"]
[White "Spiridonov, Nikola"]
[Black "Manouck, Thierry"]
[Result "1-0"]
[WhiteElo "2430"]
[BlackElo "2300"]

1.c4 e5 2.g3 d6 3.Bg2 f5 4.Nc3 Nf6 5.d3 c6 6.e4 Be7 7.Nge2 O-O 8.O-O a5 9.d4 exd4
10.Nxd4 fxe4 11.Nxe4 Na6 12.Re1 Nc5 13.Nxf6+ Bxf6 14.Be3 a4 15.Qd2 Qa5 16.Qxa5 Rxa5
17.Rad1 Re8 18.Nxc6 bxc6 19.Bxc5 Rxe1+ 20.Rxe1 Rxc5 21.Re8+ Kf7 22.Rxc8 Bxb2
23.Bxc6 a3 24.Bd5+ Ke7 25.Ra8 Rc7 26.Kg2 Rd7 27.f4 Rd8 28.Ra7+ Rd7 29.Ra6 Rd8
30.Kf3 h6 31.h4 Rd7 32.h5 Rd8 33.g4 Bc1 34.Ke4 Rd7 35.Kf5 Rd8 36.Kg6 Bb2
37.g5 hxg5 38.fxg5 Rf8 39.Ra7+ Kd8 40.Be6 Rf2 41.Rd7+ Ke8 42.Rxd6 Ke7 43.c5 Bc1
44.Bb3 Rg2 45.Rd5 Rg3 46.c6 Rc3 47.Rd7+ Ke8 48.Bf7+ Kf8 49.c7 Rc6+ 50.Kf5  1-0

[Event "FRA"]
[Site "FRA"]
[Date "1993.??.??"]
[Round "?"]
[White "Chabanon, Jean Luc"]
[Black "Manouck, Thierry"]
[Result "1-0"]
[WhiteElo "2425"]
[BlackElo "2300"]

1.c4 e5 2.g3 d6 3.Bg2 f5 4.Nc3 Nf6 5.d3 c6 6.e4 Be7 7.Nge2 O-O 8.O-O a5 9.h3 Na6
10.Be3 Nc5 11.exf5 Bxf5 12.d4 exd4 13.Nxd4 Bg6 14.Re1 Qd7 15.Nxc6 bxc6 16.Bxc5 Rae8
17.Be3 Bd8 18.Qa4 Ne4 19.Bd4 Nxc3 20.bxc3 Rxe1+ 21.Rxe1 Be8 22.c5 d5 23.Qd1 Bg6
24.Qg4 Bf5 25.Qe2 Bg6 26.Qe6+ Qxe6 27.Rxe6 Be8 28.Re2 Bd7 29.Rb2 Bc7 30.Rb7 Rc8
31.Bf1 Be8 32.Be2 h5 33.Bd3 g6 34.f4 Kf8 35.Kg2 Bd8 36.Bg7+ Kg8 37.Be5 Kf8
38.Bd6+ Kg8 39.f5 gxf5 40.Bxf5  1-0

[Event "FRA"]
[Site "FRA"]
[Date "1993.??.??"]
[Round "?"]
[White "Rotstein, Arkadij"]
[Black "Degraeve, Jean Marc"]
[Result "0-1"]
[WhiteElo "2465"]
[BlackElo "2455"]

1.c4 e5 2.g3 Nc6 3.Bg2 Nf6 4.Nc3 Bb4 5.Nd5 Bc5 6.d3 Nxd5 7.cxd5 Ne7 8.Nf3 d6
9.Qa4+ Bd7 10.Qb3 c6 11.dxc6 Nxc6 12.O-O O-O 13.Bg5 Qc7 14.Rac1 Be6 15.Qa4 Qb6
16.Rb1 a5 17.Bd2 f6 18.e3 d5 19.Bc3 Be7 20.d4 e4 21.Nd2 Qa6 22.Qd1 b5 23.Nb3 b4
24.Bd2 a4 25.Nc1 f5 26.Ne2 g5 27.Rc1 Rac8 28.f3 Na5 29.fxe4 fxe4 30.Rxc8 Rxc8
31.b3 axb3 32.axb3 Bg4 33.Rf2 Qd3 34.Qe1 Nxb3 35.Bxb4 Bxe2 36.Bf1 Bxf1 37.Bxe7 Bh3  0-1

[Event "Troll Masters"]
[Site "Gausdal"]
[Date "1993.??.??"]
[Round "5"]
[White "King, Daniel J"]
[Black "Westerinen, Heikki MJ"]
[Result "1-0"]
[WhiteElo "2500"]
[BlackElo "2380"]

1.c4 e5 2.g3 f5 3.d4 exd4 4.Nf3 Bb4+ 5.Bd2 Bxd2+ 6.Qxd2 c5 7.e3 Nf6 8.Bg2 Ne4
9.Qe2 O-O 10.O-O dxe3 11.Qxe3 Nc6 12.Nc3 Nxc3 13.bxc3 Qe7 14.Qxe7 Nxe7 15.Rfe1 Nc6
16.Rad1 h6 17.Nh4 g5 18.Ng6 Rf6 19.Ne5 Kf8 20.Nxd7+ Bxd7 21.Rxd7 Re8 22.Rxe8+ Kxe8
23.Rxb7 Na5 24.Rxa7 Nxc4 25.Rc7 Rd6 26.h3 Rd1+ 27.Kh2 Rd2 28.Rxc5 Na3 29.Rxf5 Nb1
30.a4 Nxc3 31.a5 Ra2 32.Bb7 Ke7 33.a6 Nd1 34.Kg1 Ra1 35.Re5+ Kd6 36.Re1  1-0

[Event "Gausdal MI9394"]
[Site "Gausdal"]
[Date "1993.??.??"]
[Round "5"]
[White "Csom, Istvan"]
[Black "Bern, Ivar"]
[Result "1/2-1/2"]
[WhiteElo "2475"]
[BlackElo "2370"]

1.c4 e5 2.g3 Nc6 3.Bg2 g6 4.Nc3 Bg7 5.d3 d6 6.Rb1 Nge7 7.e3 h5 8.b4 a6 9.a3 h4
10.Nge2 Bf5 11.Nd5 Nxd5 12.cxd5 Ne7 13.e4 Bd7 14.O-O hxg3 15.fxg3 Ng8 16.d4 Bg4
17.Rf2 Qd7 18.Bb2 Rh5 19.Qc2 Bxe2 20.Qxe2 exd4 21.Qd2 Kf8 22.Rbf1 Nh6 23.Bf3 Re5
24.Bxd4 Re7 25.Be3 Ng4 26.Bxg4 Qxg4 27.Bg5 Rxe4 28.Bf6 Bxf6 29.Rxf6 Re7 30.R1f4 Qh5
31.Rh4 Qe5 32.Rf2 Qe1+ 33.Qxe1 Rxe1+ 34.Kg2 Kg7 35.Rhf4 Re7 36.Rc4 Rae8 37.h4 f5
38.Kh3 Rf7 39.Rfc2 Ree7 40.Kg2 Rd7 41.Kf3 Rde7 42.Kf4 Kf6 43.R2c3 b6 44.Rc2 a5
45.bxa5 bxa5 46.Ra4 Re5 47.Rxa5 c5 48.dxc6 Rxa5 49.c7 Ra4+ 50.Kf3 Rxa3+ 51.Kf2 Rxc7
52.Rxc7 Ra6 53.Rd7 Ke5 54.Re7+ Kf6 55.Rd7 g5 56.h5 Ra2+ 57.Kg1 Ra1+  1/2-1/2

[Event "Peer Gynt"]
[Site "Gausdal"]
[Date "1993.??.??"]
[Round "7"]
[White "Davies, Nigel R"]
[Black "Bern, Ivar"]
[Result "1/2-1/2"]
[WhiteElo "2505"]
[BlackElo "2370"]

1.c4 e5 2.g3 Nc6 3.Nc3 g6 4.Rb1 Bg7 5.b4 a6 6.Bg2 Nge7 7.d3 Rb8 8.e4 b5 9.a3 Nd4
10.Nge2 Nxe2 11.Nxe2 d6 12.O-O Be6 13.Qc2 Qd7 14.Rd1 O-O 15.cxb5 axb5 16.d4 exd4
17.Nxd4 Bxd4 18.Rxd4 Nc6 19.Rd1 Ne5 20.Bh6 Rfe8 21.Qc3 f6 22.Bc1 Rf8 23.f4 Nc4
24.a4 c6 25.axb5 cxb5 26.Ra1 Bh3 27.Bh1 Qe7 28.Qd4 Rf7 29.Bd2 Nxd2 30.Rxd2 Kg7
31.Rc2 Qe6 32.Rc6 Rd8 33.Qc3 Qe8 34.Bf3 Be6 35.Raa6 Bc8 36.Ra1 Bb7 37.Rc7 Rxc7
38.Qxc7+ Rd7 39.Qc2 Re7 40.Ra7 Ba8 41.Qf2 Rxa7 42.Qxa7+ Kh6 43.Qd4  1/2-1/2

[Event "Peer Gynt"]
[Site "Gausdal"]
[Date "1993.??.??"]
[Round "7"]
[White "Karlsson, Lars"]
[Black "Varavin, Viktor"]
[Result "1/2-1/2"]
[WhiteElo "2505"]
[BlackElo "2465"]

1.g3 e5 2.c4 d6 3.Nc3 g6 4.d4 Nd7 5.Nf3 Bg7 6.Bg2 Ngf6 7.O-O O-O 8.h3 Re8
9.e4 exd4 10.Nxd4 Nc5 11.Re1 h6 12.Rb1 a5 13.b3 Bd7 14.Bb2 c6  1/2-1/2